00854nam a22002777a 45000010005000000030006000050050017000110080041000280200015000690400029000840500014001130820008001271000018001352450034001532500033001872600047002203000049002674900025003165050008003415200086003495210030004355210020004656500030004856500027005157000034005425387FISKH20241129153947.0241129b cb ||||| |||| 00| 0 eng d a078942214X aFISKHbengcFISKHdFISKH aQB64.S758 a520 aStott, Carole aNight Sky /cby Carole Stott aFirst Paperback Edition 1997 aNew York : bDK Publishing , Inc. ;c1993. a61 pages : bcolor illustrations ;c20 cm .  aEyewitness Explorers aZ  aExplore the world of stars, planets, and astronomy with fun facts and activities.8 a1110 bLexile estimate 8 aZ bRaz-Plus  asolar systemvNon-fiction aastronomyvNon-fiction aCrowley, Bernadette eeditor